000 nam a22 7a 4500
999 _c331335
_d331335
003 NUST
005 20170925121259.0
008 170925b xxu||||| |||| 00| 0 eng d
040 _c0
082 _a628 PNC
245 _aWhere We are Where We Should be and How to Get There
260 _aKarachi, Pakistan
_bPPPF
_c1995
300 _a51p.
500 _aP.B
942 _2ddc
_cBK
_kIESE